000 00650nam a22002177a 4500
003 UA-OsUOA
001 67609
007 ta
008 20100304b un ||||| |||| 00| 0 ukr d
100 _aЯщук В.В.
090 _a330(477)
_bЯ-89
942 _cSA
040 _aUA-OsUOA
_bukr
_cUA-OsUOA
_dUA-OsUOA
245 _aРинки фінансових послуг як складова система економічного розвитку
300 _aС.115-122
955 _a0
041 _aukr
080 _a330(477)
773 0 _w67604
_tФінанси України
_dК.
_d2010
_g1
650 7 _a330 Економіка взагалі
_2UDC
999 _c353840
_d353840